[Event "XXVII OOM - Mistrzostwa Polski Juniorow Mlodszych - Chlopcy do lat 14"]
[Site "ApartHotel Termy Uniejow, ul. Termalna 1, 99-210 Uniejow"]
[Date "1899-12-30"]
[Round "2.19"]
[White "Nowak, Filip"]
[Black "Miler, Franciszek"]
[Result "1-0"]
[WhiteTitle "I"]
[BlackTitle "I"]
[WhiteElo "1745"]
[BlackElo "1517"]

1. e4 c5 2. Nf3 d6 3. d4 cxd4 4. Nxd4 Nf6 5. Nc3 a6 6. Be2 e5 7. Nb3 Be7 8. O-O
O-O 9. Re1 Be6 10. Bf3 Nbd7 11. a4 Rc8 12. a5 Nc5 13. Nd2 Qc7 14. Nf1 Qc6 15.
Bg5 h6 16. Bxf6 Bxf6 17. Ne3 Bg5 18. Ned5 Nd7 19. Re2 Rfe8 20. g3 Bd8 21. h4 Nf6
22. Nxf6+ Bxf6 23. Rd2 Red8 24. Kg2 g5 25. h5 Be7 26. Rc1 g4 27. Bxg4 Bg5 28.
Bxe6 Bxd2 29. Bd5 Bxc1 30. Bxc6 Bxb2 31. Na4 Rxc6 32. Nxb2 Rc5 33. Qd2 Kg7 34.
c4 Rc6 35. Qb4 Rd7 36. Na4 Rdc7 37. Nb6 f6 38. Qd2 Rf7 39. Qd1 Kf8 40. Qg4 Rg7
41. Qe6 Rf7 42. Nd5 Rxc4 43. Nxf6 Rc6 44. Nd7+ Kg7 45. Qg6+ 1-0

[Event "XXVII OOM - Mistrzostwa Polski Juniorow Mlodszych - Chlopcy do lat 14"]
[Site "ApartHotel Termy Uniejow, ul. Termalna 1, 99-210 Uniejow"]
[Date "1899-12-30"]
[Round "2.20"]
[White "Gbiorczyk, Mikolaj"]
[Black "Kubik, Rafal"]
[Result "1-0"]
[WhiteTitle "II"]
[BlackTitle "I"]
[WhiteElo "1467"]
[BlackElo "1738"]

1. e4 e5 2. Nf3 Nc6 3. Bc4 Bc5 4. d3 Nf6 5. O-O O-O 6. c3 d5 7. exd5 Nxd5 8. Re1
Bg4 9. h3 Bh5 10. b4 Be7 11. b5 Na5 12. Rxe5 Nf6 13. Nbd2 Bd6 14. Re1 Qd7 15.
a4 Rfd8 16. d4 c5 17. Bb2 Rac8 18. Bd3 cxd4 19. cxd4 Bb4 20. Re5 Bg6 21. Nb3 Nc4
22. Bxc4 Rxc4 23. Re2 Qc7 24. Rc1 Rc8 25. Nc5 Rxc1 26. Qxc1 Bxc5 27. dxc5 Qxc5
28. Qxc5 Rxc5 29. Re7 Rc8 30. Rxb7 Ra8 31. Bd4 Nd5 32. Bxa7 Nc3 33. a5 Be4 34.
a6 f6 35. b6 Nb5 36. Nd2 Bd5 37. Rb8+ Rxb8 38. Bxb8 Kf7 39. a7 Ke8 40. Nc4 Kd7
41. Na5 Kc8 42. f3 Nd4 43. Kf2 Nf5 44. Bf4 h5 45. Be3 g6 46. Bd2 Nd6 47. Bc3 f5
48. Kg3 Nf7 49. h4 Nd6 50. Kf4 Nf7 51. Be5 Ba8 52. Bc7 Bd5 53. Ke3 Ba8 54. Kd4
g5 55. hxg5 Nxg5 56. Ke5 h4 57. Kxf5 h3 58. Kxg5 hxg2 59. Bh2 Bxf3 60. Kf4 Ba8
61. Ke5 Bf3 62. Kd6 Be4 63. Kc5 Bf3 64. Nc4 Kb7 65. Nd6+ Ka8 66. Bg1 Be2 67. Kc6
Bf3+ 68. Kc7 Bb7 69. Nc4 Bf3 70. Ne5 Be4 71. Bh2 Bb7 72. Nd3 Bf3 73. Nc5 Bd5 74.
Bg1 Bf3 75. Kd8 Bd5 76. Bf2 Bf3 77. Ne6 Kb7 78. Nc7 1-0

[Event "XXVII OOM - Mistrzostwa Polski Juniorow Mlodszych - Chlopcy do lat 14"]
[Site "ApartHotel Termy Uniejow, ul. Termalna 1, 99-210 Uniejow"]
[Date "1899-12-30"]
[Round "2.21"]
[White "Borowik, Wojciech"]
[Black "Sniadecki, Oskar"]
[Result "0-1"]
[WhiteTitle "I+"]
[BlackTitle "I"]
[WhiteElo "1736"]
[BlackElo "1488"]

1. d4 Nf6 2. Nf3 c5 3. d5 d6 4. c4 g6 5. Nc3 Bg7 6. g3 O-O 7. Bg2 Bg4 8. h3 Bxf3
9. Bxf3 Nbd7 10. Bf4 Nb6 11. Qb3 Qd7 12. Bg2 Rad8 13. O-O e5 14. Bd2 Nh5 15. Ne4
h6 16. Ba5 f5 17. Nc3 e4 18. e3 g5 19. Kh2 Nf6 20. Bxb6 axb6 21. Qxb6 h5 22. Nb5
h4 23. gxh4 g4 24. Nc7 gxh3 25. Bxh3 Ng4+ 26. Kg2 Rf6 27. Ne6 Re8 28. Qc7 Qxc7
29. Nxc7 Re7 30. Ne6 Ne5 31. b3 Nf3 32. Rad1 Rg6+ 33. Ng5 Nxh4+ 34. Kg3 Rxg5+
35. Kxh4 Bf6 36. Bxf5 Rxf5+ 37. Kg4 Rf3 38. Rh1 Rg7+ 39. Kh5 Rf5+ 40. Kh6 Bg5+
41. Kh5 Bxe3+ 42. Kh4 Bxf2+ 0-1

[Event "XXVII OOM - Mistrzostwa Polski Juniorow Mlodszych - Chlopcy do lat 14"]
[Site "ApartHotel Termy Uniejow, ul. Termalna 1, 99-210 Uniejow"]
[Date "1899-12-30"]
[Round "2.22"]
[White "Maj, Samuel"]
[Black "Jendrowiak, Maciej"]
[Result "1-0"]
[WhiteTitle "I"]
[BlackTitle "II+"]
[WhiteElo "1670"]
[BlackElo "1472"]

1. d4 d5 2. c4 e6 3. Nf3 Nf6 4. g3 Be7 5. Bg2 O-O 6. O-O b6 7. cxd5 exd5 8. Nc3
Bb7 9. Ne5 Na6 10. Bf4 c5 11. dxc5 bxc5 12. Qb3 Qb6 13. Nxd5 Bxd5 14. Bxd5 Nxd5
15. Qxd5 Nc7 16. Qb3 Qxb3 17. axb3 Nb5 18. Be3 Rfe8 19. Nd3 Bf6 20. Ra5 Rab8 21.
Rc1 Nd4 22. Bxd4 cxd4 23. Kf1 Rxb3 24. Rxa7 h5 25. Rcc7 Rb6 26. Rxf7 Rbe6 27.
Nf4 Re5 28. Rfd7 Rc5 29. Nd5 Rc1+ 30. Kg2 Rc2 31. Nxf6+ gxf6 32. Rxd4 Rcxe2 33.
Rf4 Rxb2 34. Rxf6 Ree2 35. Ra5 Kg7 36. Rf4 Kg6 37. h4 Rb6 38. Rg5+ Kh6 39. Rff5
Rbb2 40. Rxh5+ Kg6 41. Rhg5+ Kh6 42. Rf8 Kh7 43. Rf7+ Kh6 44. g4 Rb3 45. Rgf5
Ra3 46. R5f6# 1-0

[Event "XXVII OOM - Mistrzostwa Polski Juniorow Mlodszych - Chlopcy do lat 14"]
[Site "ApartHotel Termy Uniejow, ul. Termalna 1, 99-210 Uniejow"]
[Date "1899-12-30"]
[Round "2.23"]
[White "Grzebieniowski, Michal"]
[Black "Turowski, Maciej"]
[Result "1-0"]
[WhiteTitle "I"]
[BlackTitle "II"]
[WhiteElo "1663"]
[BlackElo "1447"]

1. d4 d5 2. Nf3 Nf6 3. c3 g6 4. Bf4 Bg7 5. h3 O-O 6. e3 b6 7. Bd3 Bb7 8. O-O c5
9. Nbd2 Nc6 10. Qe2 Nd7 11. Rfd1 e5 12. dxe5 Ndxe5 13. Nxe5 Nxe5 14. Nf3 Nxd3
15. Qxd3 Qe7 16. Rac1 Rad8 17. Bg5 f6 18. Bf4 Kh8 19. h4 Rd7 20. e4 Rfd8 21. exd5
Rxd5 22. Qc2 Rxd1+ 23. Rxd1 Rxd1+ 24. Qxd1 f5 25. Bg5 Bf6 26. Bxf6+ Qxf6 27. Qe2
Bxf3 28. Qxf3 Qxh4 29. Qa8+ Kg7 30. Qxa7+ Kh6 31. Qxb6 Qc4 32. a3 Qd5 33. Qb5
Qd1+ 34. Qf1 Qc2 35. Qa1 Qa4 36. b4 cxb4 37. cxb4 f4 38. Qc1 Kg7 39. Qc7+ Kg8
40. Qd8+ Kg7 41. Qd3 g5 42. b5 Qa5 43. Qd4+ Kh6 44. a4 Qe1+ 45. Kh2 Kh5 46. b6
Qb1 47. a5 Qb5 48. Qe4 g4 49. Qxh7+ Kg5 50. Qe7+ Kg6 51. Qe4+ Kg5 52. b7 g3+ 53.
fxg3 fxg3+ 54. Kxg3 Kh5 55. Qg4+ Kh6 56. Qf4+ Kh7 57. b8=Q Qg5+ 58. Kf3 Qh5+ 59.
Qg4 Qf7+ 60. Qbf4 Qb3+ 61. Qe3 Qf7+ 62. Kg3 Qc7+ 63. Kh3 1-0

[Event "XXVII OOM - Mistrzostwa Polski Juniorow Mlodszych - Chlopcy do lat 14"]
[Site "ApartHotel Termy Uniejow, ul. Termalna 1, 99-210 Uniejow"]
[Date "1899-12-30"]
[Round "2.24"]
[White "Borowik, Karol"]
[Black "Malinowski, Szymon"]
[Result "1/2-1/2"]
[WhiteTitle "II"]
[BlackTitle "I"]
[WhiteElo "1370"]
[BlackElo "1662"]

1. d4 d5 2. c4 e6 3. Nc3 Nf6 4. Bg5 Be7 5. e3 Nbd7 6. Nf3 O-O 7. Qc2 c6 8. Bd3
dxc4 9. Bxc4 b5 10. Bd3 Bb7 11. O-O a5 12. Rac1 Rc8 13. Qb1 h6 14. Bh4 Nd5 15.
Bxe7 Qxe7 16. Nxd5 exd5 17. Bh7+ Kh8 18. Bf5 Rce8 19. Bxd7 Qxd7 20. Ne5 Qd6 21.
f4 Kg8 22. Rf3 f5 23. Rc5 Rf6 24. Qc2 a4 25. a3 Ra8 26. Qc3 Ra6 27. Rg3 Kh7 28.
Rh3 Qe6 29. Qd2 Kh8 30. Qc3 Qd6 31. Qd2 1/2-1/2

[Event "XXVII OOM - Mistrzostwa Polski Juniorow Mlodszych - Chlopcy do lat 14"]
[Site "ApartHotel Termy Uniejow, ul. Termalna 1, 99-210 Uniejow"]
[Date "1899-12-30"]
[Round "2.25"]
[White "Rylski, Tadeusz"]
[Black "Wasilewski, Stanislaw"]
[Result "1-0"]
[WhiteTitle "I"]
[BlackTitle "II"]
[WhiteElo "1644"]
[BlackElo "1319"]

1. e4 c5 2. Nf3 e6 3. d4 cxd4 4. Nxd4 a6 5. Be2 Nf6 6. Nc3 Bb4 7. Qd3 Qc7 8. O-O
Nc6 9. Nxc6 dxc6 10. Bg5 Be7 11. Kh1 e5 12. f4 O-O 13. Qg3 h6 14. Bxh6 Ne8 15.
fxe5 Kh8 16. Bg5 Bxg5 17. Qxg5 Qb6 18. Qh5+ Kg8 19. Bc4 g6 20. Qxg6+ Ng7 21. Bxf7+
Rxf7 22. Rxf7 Kh8 23. Qxg7# 1-0

[Event "XXVII OOM - Mistrzostwa Polski Juniorow Mlodszych - Chlopcy do lat 14"]
[Site "ApartHotel Termy Uniejow, ul. Termalna 1, 99-210 Uniejow"]
[Date "1899-12-30"]
[Round "2.26"]
[White "Stanislawski, Karol"]
[Black "Urban, Szymon"]
[Result "1/2-1/2"]
[WhiteTitle "I"]
[BlackTitle "II"]
[WhiteElo "1621"]
[BlackElo "1312"]

1. d4 d5 2. c4 e6 3. Nf3 Nf6 4. g3 Be7 5. Bg2 c6 6. O-O Nbd7 7. Nbd2 b6 8. Qa4
Bb7 9. b4 O-O 10. Ba3 dxc4 11. b5 cxb5 12. Bxe7 Qxe7 13. Qxb5 c3 14. Nc4 Rfc8
15. Nfe5 Bxg2 16. Kxg2 a6 17. Qb3 b5 18. Ne3 Rc7 19. Rac1 Rac8 20. Rfd1 Ne4 21.
a3 h6 22. Qa2 a5 23. f3 Nd6 24. N3g4 Nb6 25. e4 h5 26. Nf2 b4 27. axb4 axb4 28.
Nfd3 Ndc4 29. Kf2 Ra8 30. Qb3 Nxe5 31. dxe5 Rc4 32. Ra1 Rxa1 33. Rxa1 Qd7 34.
Rd1 Qa4 35. Nc1 Qxb3 36. Nxb3 Na4 37. Ke2 Nb2 38. Rd4 c2 39. Rxc4 Nxc4 40. f4
Kh7 41. Kd3 Na3 42. Kd4 Kg6 43. Kc5 Nb1 44. Kxb4 Nd2 45. Nc1 Nf1 46. Kc3 Nxh2
47. Kxc2 Ng4 48. Kd2 Kh7 49. Ke2 Kh6 50. Kf3 1/2-1/2

[Event "XXVII OOM - Mistrzostwa Polski Juniorow Mlodszych - Chlopcy do lat 14"]
[Site "ApartHotel Termy Uniejow, ul. Termalna 1, 99-210 Uniejow"]
[Date "1899-12-30"]
[Round "3.1"]
[White "Klimkowski, Jan"]
[Black "Zalega, Maciej"]
[Result "1-0"]
[WhiteTitle "FM"]
[BlackTitle "I"]
[WhiteElo "2322"]
[BlackElo "1841"]

1. e4 c5 2. Nf3 d6 3. d4 cxd4 4. Nxd4 Nf6 5. Nc3 Nc6 6. f3 e5 7. Nb3 Be7 8. Be3
O-O 9. Qd2 Be6 10. O-O-O a5 11. Bb5 Na7 12. Bxa7 Rxa7 13. a4 Qc7 14. Kb1 Rd8 15.
Qf2 Raa8 16. g4 Rac8 17. h4 Nd7 18. Nd5 Bxd5 19. exd5 Nc5 20. Nd2 Rf8 21. g5 f5
22. Rc1 Na6 23. Nb3 Bd8 24. Rhd1 Nc5 25. Qe2 Qf7 26. Nd2 Qh5 27. Nc4 Bc7 28. Rh1
Rf7 29. Qf2 Re7 30. Rce1 Rf8 31. Re2 Qf7 32. Nxe5 Rxe5 33. Rxe5 dxe5 34. Qxc5
Rd8 35. Bc4 Rd6 36. Re1 Qe7 37. Qe3 Bb6 38. Qc3 e4 39. Bd3 Bf2 40. Re2 e3 41.
Bxf5 Rxd5 42. Qc4 1-0

[Event "XXVII OOM - Mistrzostwa Polski Juniorow Mlodszych - Chlopcy do lat 14"]
[Site "ApartHotel Termy Uniejow, ul. Termalna 1, 99-210 Uniejow"]
[Date "1899-12-30"]
[Round "3.2"]
[White "Kazmierowski, Tymon"]
[Black "Fiszer, Bartosz"]
[Result "0-1"]
[WhiteTitle "I+"]
[BlackTitle "CM"]
[WhiteElo "1782"]
[BlackElo "2216"]

1. e4 c5 2. Nf3 Nc6 3. d4 cxd4 4. Nxd4 Nf6 5. Nc3 d6 6. Bg5 e6 7. Qd2 a6 8. f4
Bd7 9. O-O-O b5 10. Nxc6 Bxc6 11. Bd3 Be7 12. e5 dxe5 13. fxe5 Nd7 14. Bxe7 Qxe7
15. Be4 Bxe4 16. Nxe4 Nxe5 17. Nd6+ Kf8 18. Rhf1 f6 19. Ne4 h6 20. g4 Kg8 21.
h4 Kh7 22. g5 f5 23. Qc3 Ng4 24. Qg3 h5 25. g6+ Kxg6 26. Ng5 Rad8 27. Rde1 e5
28. Rf3 Rhf8 29. Rc3 Rf6 30. Qf3 e4 31. Qe2 e3 32. Rd3 Rxd3 33. Qxd3 Qd6 34. Qc3
b4 35. Qd3 Qxd3 36. cxd3 f4 0-1

[Event "XXVII OOM - Mistrzostwa Polski Juniorow Mlodszych - Chlopcy do lat 14"]
[Site "ApartHotel Termy Uniejow, ul. Termalna 1, 99-210 Uniejow"]
[Date "1899-12-30"]
[Round "3.3"]
[White "Malek, Jan"]
[Black "Madej, Marek"]
[Result "0-1"]
[WhiteTitle "I++"]
[BlackTitle "I"]
[WhiteElo "2097"]
[BlackElo "1786"]

1. e4 c5 2. c3 Nf6 3. e5 Nd5 4. Bc4 Nb6 5. Bb3 d6 6. exd6 e6 7. Nf3 Bxd6 8. d4
cxd4 9. cxd4 O-O 10. O-O Nd5 11. Nc3 b6 12. Bg5 Nxc3 13. bxc3 Qc7 14. Re1 Nd7
15. Rc1 Bb7 16. Kh1 Bf4 17. Bxf4 Qxf4 18. Qe2 Bxf3 19. gxf3 Nf6 20. Qe3 Qh4 21.
Rg1 g6 22. Rg3 Rfe8 23. Qe5 Nh5 24. Rg2 Qf4 25. Qe3 Rac8 26. Rg4 Qf6 27. Re4 Kg7
28. Re5 Red8 29. Rd1 Nf4 30. c4 h6 31. Rg1 g5 32. Re4 Kf8 33. Re1 Rc7 34. Rd1
Rcd7 35. Re5 Ng6 36. Re4 e5 37. d5 Qd6 38. Qc3 f5 39. Re3 Kf7 40. Bc2 Kf6 41.
Rde1 Re7 42. Qd3 Qd7 43. d6 Ree8 44. Rd1 Nf4 45. Qa3 Re6 46. Rde1 Qxd6 47. Qb2
Qd4 48. Qb5 Qd2 49. Rxe5 Qxe1+ 0-1

[Event "XXVII OOM - Mistrzostwa Polski Juniorow Mlodszych - Chlopcy do lat 14"]
[Site "ApartHotel Termy Uniejow, ul. Termalna 1, 99-210 Uniejow"]
[Date "1899-12-30"]
[Round "3.4"]
[White "Kusiak, Mateusz"]
[Black "Rog, Bartlomiej"]
[Result "0-1"]
[WhiteTitle "I+"]
[BlackTitle "I++"]
[WhiteElo "1634"]
[BlackElo "1867"]

1. Nf3 f5 2. b3 b6 3. Bb2 Bb7 4. e3 e6 5. c4 Nf6 6. d4 Ne4 7. Nc3 Bb4 8. Qc2 O-O
9. a3 Bxc3+ 10. Bxc3 Nxc3 11. Qxc3 Bxf3 12. gxf3 Qf6 13. f4 c5 14. Bg2 Nc6 15.
O-O-O cxd4 16. exd4 Rac8 17. Kb2 Ne7 18. Qe3 Ng6 19. Rhe1 Qh4 20. d5 Nxf4 21.
Bf3 e5 22. Rg1 Nh3 23. Rg2 e4 24. Rd4 Rce8 25. Qc3 Rf7 26. Qd2 exf3 0-1

[Event "XXVII OOM - Mistrzostwa Polski Juniorow Mlodszych - Chlopcy do lat 14"]
[Site "ApartHotel Termy Uniejow, ul. Termalna 1, 99-210 Uniejow"]
[Date "1899-12-30"]
[Round "3.5"]
[White "Meers, Hubert"]
[Black "Grzadka, Artur"]
[Result "1-0"]
[WhiteTitle "k"]
[BlackTitle "I"]
[WhiteElo "2037"]
[BlackElo "1536"]

1. e4 c5 2. Nf3 d6 3. d4 cxd4 4. Nxd4 Nf6 5. Nc3 a6 6. Be2 e5 7. Nb3 Be7 8. Be3
Be6 9. Nd5 Nxd5 10. exd5 Bf5 11. Qd2 Nd7 12. O-O O-O 13. Na5 Qc7 14. c4 Nf6 15.
f3 Bd7 16. b4 b6 17. Nb3 Qb7 18. Rfd1 Rfd8 19. Rac1 Rac8 20. c5 dxc5 21. bxc5
Be6 22. cxb6 Nxd5 23. Na5 Qd7 24. b7 Rb8 25. Nc6 Qxb7 26. Bxa6 Qxa6 27. Nxe7+
Kh8 28. Nc6 Rdc8 29. Nxb8 Rxb8 30. Rc5 Qa3 31. Bf2 Nf6 32. Ra5 Qe7 33. Rxe5 Nd7
34. Rxe6 Qxe6 35. Qxd7 Qxd7 36. Rxd7 Rb1+ 37. Be1 Rxe1+ 38. Kf2 Re8 39. Rxf7 Ra8
40. a4 g5 41. Rf5 Rxa4 42. Rxg5 h6 43. Rb5 Kg7 44. g4 Kf6 1-0

[Event "XXVII OOM - Mistrzostwa Polski Juniorow Mlodszych - Chlopcy do lat 14"]
[Site "ApartHotel Termy Uniejow, ul. Termalna 1, 99-210 Uniejow"]
[Date "1899-12-30"]
[Round "3.6"]
[White "Demski, Michal"]
[Black "Krawczyk, Flawian"]
[Result "1/2-1/2"]
[WhiteTitle "I+"]
[BlackTitle "I++"]
[WhiteElo "1768"]
[BlackElo "1984"]

1. e4 c6 2. d4 d5 3. exd5 cxd5 4. Bd3 Nf6 5. c3 Bg4 6. Nf3 e6 7. Qa4+ Nbd7 8. Ne5
a6 9. Nxg4 Nxg4 10. h3 Ngf6 11. Bf4 b5 12. Qb3 Nb6 13. Nd2 Bd6 14. Bxd6 Qxd6 15.
Nf3 O-O 16. O-O Nc4 17. Rfe1 Rab8 18. Ne5 a5 19. Qc2 Qc7 20. Qe2 Nxe5 21. dxe5
Nd7 22. Bxb5 Nxe5 23. Qxe5 Qxe5 24. Rxe5 Rxb5 25. b3 Rb6 26. Rae1 a4 27. c4 axb3
28. axb3 dxc4 29. bxc4 Rc6 30. Rc1 Rfc8 31. Ra5 f6 32. Ra4 Rc5 33. Kf1 Rd8 34.
Ra6 e5 35. Ra7 Rdc8 1/2-1/2

[Event "XXVII OOM - Mistrzostwa Polski Juniorow Mlodszych - Chlopcy do lat 14"]
[Site "ApartHotel Termy Uniejow, ul. Termalna 1, 99-210 Uniejow"]
[Date "1899-12-30"]
[Round "3.7"]
[White "Janeczko, Jakub"]
[Black "Krasniewski, Maciej"]
[Result "1/2-1/2"]
[WhiteTitle "I++"]
[BlackTitle "I"]
[WhiteElo "1976"]
[BlackElo "1572"]

1. e4 c5 2. Nf3 e6 3. d3 Nc6 4. g3 g6 5. Bg2 Bg7 6. O-O Nge7 7. Re1 d6 8. c3 O-O
9. Be3 Rb8 10. d4 cxd4 11. cxd4 d5 12. e5 Nf5 13. Nbd2 Nxe3 14. Rxe3 Bd7 15. Nb3
b6 16. Rc3 Qe7 17. Qd2 Rbc8 18. Rac1 a5 19. Bf1 a4 20. Na1 Na5 21. Rxc8 Rxc8 22.
Rxc8+ Bxc8 23. Qc3 Qd8 24. Bb5 Bd7 25. Qb4 Bxb5 26. Qxb5 Nc4 27. Nc2 Bf8 28. b3
axb3 29. axb3 Na3 30. Nxa3 Bxa3 31. Qc6 Be7 32. Kg2 Qb8 33. h4 b5 34. h5 b4 35.
h6 Qf8 36. Qd7 Qd8 37. Qc6 Qf8 38. Qc1 Qd8 39. Kh3 Qd7 40. Nh2 Kf8 41. Ng4 Qd8
42. Qc6 Qe8 43. Qb7 Qd8 44. Nf6 Bxf6 45. exf6 Qxf6 46. Qxb4+ Ke8 47. Qb8+ Kd7
48. Qb7+ Kd6 49. Qb6+ Kd7 50. Qb7+ Kd6 51. Qb8+ Kd7 52. Qa7+ Kd6 53. Kg2 Qf5 54.
b4 Qe4+ 55. Kh2 Qf5 56. Qb6+ Kd7 57. Qb7+ Kd6 1/2-1/2

[Event "XXVII OOM - Mistrzostwa Polski Juniorow Mlodszych - Chlopcy do lat 14"]
[Site "ApartHotel Termy Uniejow, ul. Termalna 1, 99-210 Uniejow"]
[Date "1899-12-30"]
[Round "3.9"]
[White "Maj, Samuel"]
[Black "Klim, Filip"]
[Result "1/2-1/2"]
[WhiteTitle "I"]
[BlackTitle "I++"]
[WhiteElo "1670"]
[BlackElo "2062"]

1. d4 d5 2. c4 e6 3. Nf3 Nf6 4. g3 dxc4 5. Bg2 a6 6. O-O Nc6 7. e3 Rb8 8. Nfd2
e5 9. Bxc6+ bxc6 10. dxe5 Ng4 11. Nxc4 Be6 12. Qxd8+ Rxd8 13. Nbd2 Bb4 14. b3
Bc3 15. Rb1 Nxe5 16. Nxe5 Bxe5 17. Bb2 Bxg3 18. hxg3 Rxd2 19. Bxg7 Rg8 20. Be5
Rg5 21. Rb2 Rxb2 22. Bxb2 Bd5 23. Bf6 Rf5 24. Bh4 Bf3 25. Kh2 Rc5 26. g4 Bxg4
27. f3 Rc2+ 28. Kg3 Bd7 29. Rf2 Rc5 30. Rd2 Re5 31. e4 Re6 32. Rd4 c5 33. Rd5
1/2-1/2

[Event "XXVII OOM - Mistrzostwa Polski Juniorow Mlodszych - Chlopcy do lat 14"]
[Site "ApartHotel Termy Uniejow, ul. Termalna 1, 99-210 Uniejow"]
[Date "1899-12-30"]
[Round "3.10"]
[White "Ugorek, Kacper"]
[Black "Maslanka, Wojciech"]
[Result "0-1"]
[WhiteTitle "I"]
[BlackTitle "I"]
[WhiteElo "1569"]
[BlackElo "1943"]

1. e4 c5 2. Nf3 d6 3. d4 cxd4 4. Nxd4 Nf6 5. f3 e5 6. Bb5+ Nbd7 7. Nf5 d5 8. exd5
a6 9. Ba4 b5 10. Bb3 Nc5 11. Ne3 Bd6 12. c4 e4 13. Bc2 O-O 14. Qe2 Qc7 15. g3
bxc4 16. Nxc4 exf3 17. Qxf3 Bg4 18. Qg2 Rfe8+ 19. Ne3 Nd3+ 20. Kd2 Rxe3 21. Kxe3
Re8+ 22. Kd2 Nf4 23. Qf2 Re2+ 24. Qxe2 Nxe2 25. Nc3 Bb4 0-1

[Event "XXVII OOM - Mistrzostwa Polski Juniorow Mlodszych - Chlopcy do lat 14"]
[Site "ApartHotel Termy Uniejow, ul. Termalna 1, 99-210 Uniejow"]
[Date "1899-12-30"]
[Round "3.11"]
[White "Herwy, Jakub"]
[Black "Grzebieniowski, Michal"]
[Result "1-0"]
[WhiteTitle "I+"]
[BlackTitle "I"]
[WhiteElo "1916"]
[BlackElo "1663"]

1. e4 c5 2. d3 Nc6 3. f4 g6 4. Nf3 Bg7 5. Be2 d6 6. O-O Bg4 7. c3 Bxf3 8. Bxf3
e6 9. Be3 Nge7 10. Na3 O-O 11. Qd2 Qd7 12. Rad1 Rfd8 13. Nc2 b5 14. d4 cxd4 15.
Nxd4 Na5 16. Qd3 Nc4 17. Bc1 a6 18. b3 Nb6 19. h4 Rac8 20. Be3 d5 21. e5 Qc7 22.
Rc1 Nd7 23. b4 Nb6 24. h5 Na4 25. hxg6 hxg6 26. Rc2 Qc4 27. Qd2 Qc7 28. g3 Nc6
29. Be2 Nxd4 30. Bxd4 Qe7 31. Bd3 Rc6 32. Kg2 Qc7 33. g4 Rc8 34. a3 Qb8 35. Rf3
Qc7 36. Be2 Rb8 37. Qe3 Re8 38. Rc1 Kf8 39. Rh1 Ke7 40. f5 gxf5 41. Qg5+ Kf8 42.
Rfh3 1-0

[Event "XXVII OOM - Mistrzostwa Polski Juniorow Mlodszych - Chlopcy do lat 14"]
[Site "ApartHotel Termy Uniejow, ul. Termalna 1, 99-210 Uniejow"]
[Date "1899-12-30"]
[Round "3.12"]
[White "Sniadecki, Oskar"]
[Black "Musial, Igor"]
[Result "0-1"]
[WhiteTitle "I"]
[BlackTitle "I"]
[WhiteElo "1488"]
[BlackElo "1903"]

1. d4 Nf6 2. Bg5 d5 3. Nd2 Nbd7 4. c4 e6 5. e3 Be7 6. Ngf3 h6 7. Bh4 b6 8. cxd5
exd5 9. Bb5 O-O 10. Bc6 Rb8 11. O-O Bb7 12. Rc1 Bxc6 13. Rxc6 Rb7 14. Nb3 Ne4
15. Bxe7 Qxe7 16. Qd3 Nd6 17. Nfd2 a5 18. a4 Nb8 19. Rc2 Qd7 20. Rfc1 Qxa4 21.
Rxc7 Rxc7 22. Rxc7 Nc6 23. Qa6 Nb4 24. Qxb6 Nc4 25. Qa7 Nxd2 26. Nxd2 Qa1+ 27.
Nf1 Nd3 28. Rc2 Nxb2 29. Rc5 a4 30. Ra5 Qe1 31. Rxd5 g6 32. Rd6 Nc4 33. Rc6 Nd2
34. Qa6 Kg7 35. Rc2 Nxf1 36. Qxf1 Qb4 37. Qc4 Qe1+ 38. Qf1 Qa5 39. Rc5 Qb4 40.
Qc4 Qb1+ 41. Qf1 Rb8 42. Rc1 Qb2 43. Rc7 Rb7 44. Rxb7 Qxb7 45. Qa1 a3 46. d5+
Qb2 0-1

[Event "XXVII OOM - Mistrzostwa Polski Juniorow Mlodszych - Chlopcy do lat 14"]
[Site "ApartHotel Termy Uniejow, ul. Termalna 1, 99-210 Uniejow"]
[Date "1899-12-30"]
[Round "3.13"]
[White "Pancewicz, Szymon"]
[Black "Rylski, Tadeusz"]
[Result "1/2-1/2"]
[WhiteTitle "I+"]
[BlackTitle "I"]
[WhiteElo "1872"]
[BlackElo "1644"]

1. e4 c5 2. Nf3 d6 3. d4 cxd4 4. Nxd4 Nf6 5. Nc3 a6 6. h3 e5 7. Nb3 Be6 8. f4 exf4
9. Bxf4 Nc6 10. Qe2 Nd7 11. O-O-O Nde5 12. Kb1 Be7 13. Nd5 O-O 14. g4 Rc8 15.
Qe3 Bxd5 16. exd5 Na5 17. Nxa5 Qxa5 18. Bxe5 dxe5 19. Bd3 Bd6 20. Qe4 g6 21. h4
Qb4 22. Qg2 Rfe8 23. Rde1 Qb6 24. Ka1 Bc5 25. Rh2 Bd4 1/2-1/2

[Event "XXVII OOM - Mistrzostwa Polski Juniorow Mlodszych - Chlopcy do lat 14"]
[Site "ApartHotel Termy Uniejow, ul. Termalna 1, 99-210 Uniejow"]
[Date "1899-12-30"]
[Round "3.14"]
[White "Grot, Blazej"]
[Black "Gbiorczyk, Mikolaj"]
[Result "0-1"]
[WhiteTitle "CM"]
[BlackTitle "II"]
[WhiteElo "1786"]
[BlackElo "1467"]

1. e4 c5 2. Nf3 g6 3. d4 cxd4 4. Nxd4 Nc6 5. c4 Nf6 6. Nc3 d6 7. Be2 Nxd4 8. Qxd4
Bg7 9. Be3 O-O 10. Qd3 Bd7 11. O-O Qa5 12. a3 a6 13. b4 Qc7 14. Rac1 Rac8 15.
Bd4 Rfd8 16. a4 b6 17. h3 Be6 18. Nd5 Bxd5 19. exd5 Nd7 20. Bxg7 Kxg7 21. Qd4+
Kg8 22. f4 a5 23. bxa5 bxa5 24. Bg4 Qc5 25. Rfd1 Rc7 26. Bxd7 Rdxd7 27. Rb1 Qxd4+
28. Rxd4 Rc5 29. Rb5 Rdc7 30. g3 Rxc4 31. Rxc4 Rxc4 32. Rxa5 Rc2 33. Ra8+ Kg7
34. Ra5 Kf6 35. Rb5 Rc4 36. a5 Ra4 37. Kf2 Ra3 38. Kg2 h5 39. h4 Kf5 40. Kh3 f6
41. Kh2 Kg4 42. f5 Kxf5 43. Kh3 Ra2 44. Rb1 Rxa5 45. Rf1+ Ke5 46. Re1+ Kxd5 47.
Rxe7 Ra4 48. Rf7 Ke6 49. Rb7 d5 50. Rb6+ Ke5 51. Rb5 Ra2 52. Rb4 Rc2 53. g4 Rc3+
54. Kg2 Rc4 55. Rxc4 dxc4 56. gxh5 gxh5 57. Kf3 Kd4 0-1

[Event "XXVII OOM - Mistrzostwa Polski Juniorow Mlodszych - Chlopcy do lat 14"]
[Site "ApartHotel Termy Uniejow, ul. Termalna 1, 99-210 Uniejow"]
[Date "1899-12-30"]
[Round "3.15"]
[White "Zieba, Hubert"]
[Black "Paszkowski, Krystian"]
[Result "0-1"]
[WhiteTitle "I"]
[BlackTitle "I+"]
[WhiteElo "1417"]
[BlackElo "1782"]

1. c4 e5 2. Nc3 d6 3. g3 g6 4. Bg2 Bg7 5. e3 f5 6. d4 e4 7. f3 exf3 8. Nxf3 Nf6
9. O-O O-O 10. Qc2 Re8 11. Bd2 c6 12. Rae1 Na6 13. a3 Ne4 14. Bc1 c5 15. Nd5 Be6
16. Nf4 Bf7 17. d5 g5 18. Nd3 b5 19. Nd2 Bg6 20. cxb5 Nc7 21. Nxe4 fxe4 22. Nf2
Qe7 23. Qc4 Rab8 24. a4 a6 25. b6 Rxb6 26. Bd2 Rxb2 27. Bc3 Bxc3 28. Qxc3 Qg7
29. Qa5 Rb4 30. Ng4 Kh8 31. Rb1 Rxb1 32. Rxb1 Nxd5 33. Qxa6 Qd7 34. Rd1 Nb4 35.
Qe2 Qg7 36. Rxd6 Nd3 37. Nf2 Qa1+ 38. Qf1 Qe5 39. Rd7 Rf8 40. Qb1 Nxf2 41. Qb7
Qa1+ 42. Bf1 Nh3+ 0-1

[Event "XXVII OOM - Mistrzostwa Polski Juniorow Mlodszych - Chlopcy do lat 14"]
[Site "ApartHotel Termy Uniejow, ul. Termalna 1, 99-210 Uniejow"]
[Date "1899-12-30"]
[Round "3.16"]
[White "Leszcz, Mateusz"]
[Black "Nowak, Filip"]
[Result "0-1"]
[WhiteTitle "II"]
[BlackTitle "I"]
[WhiteElo "1386"]
[BlackElo "1745"]

1. b3 d5 2. Bb2 Bf5 3. e3 Nd7 4. d4 Ngf6 5. Nf3 e6 6. Be2 h6 7. a3 c6 8. c4 Bd6
9. Nc3 O-O 10. h3 Re8 11. O-O Qe7 12. Re1 Rad8 13. c5 Bb8 14. b4 e5 15. a4 exd4
16. exd4 Ne4 17. Bd3 Ndf6 18. Qc2 Qc7 19. Ne5 Bh7 20. a5 Nxc3 21. Bxh7+ Nxh7 22.
Bxc3 f6 23. Nf3 Ng5 24. Qg6 Nxf3+ 25. gxf3 Qh2+ 26. Kf1 Qh1+ 27. Qg1 Qxf3 28.
Rac1 Bf4 29. Qg2 Qxg2+ 30. Kxg2 Bxc1 31. Rxc1 a6 32. Kf3 Re4 33. Re1 Rde8 34.
Re3 g5 35. Bd2 Kf7 36. Rxe4 Rxe4 37. Be3 f5 38. h4 Kg6 39. hxg5 hxg5 40. Kg2 f4
41. Bd2 Rxd4 42. Be1 Kf5 43. f3 g4 44. fxg4+ Kxg4 45. Kf2 Re4 46. Kf1 f3 47. Bc3
Rc4 48. Be1 Rc1 49. Kf2 Rxe1 50. Kxe1 Kg3 51. Kf1 f2 0-1